Designing ATM switching networks /

Bibliographic Details
Main Author: Guizani, Mohsen
Other Authors: Rayes, Ammar
Format: Book
Language:English
Published: New York : McGraw-Hill, [1999]
Series:McGraw-Hill series on computer communications.
Subjects:

MARC

Tag First Indicator Second Indicator Subfields
LEADER 00000cam a2200000 a 4500
001 in00001479934
005 20151021061126.0
008 980401s1999 nyua b 001 0 eng
010 |a  98004122  
020 |a 0070252173 
035 |a (OCoLC)38936549 
035 |9 AJF8152AM 
040 |a DLC  |c DLC  |d C#P  |d TXA  |d UtOrBLW 
049 |a TXAM 
050 0 0 |a TK5105.5  |b .G86 1999 
082 0 0 |a 004.6/6  |2 21 
100 1 |a Guizani, Mohsen. 
245 1 0 |a Designing ATM switching networks /  |c Mohsen Guizani, Ammar Rayes. 
264 1 |a New York :  |b McGraw-Hill,  |c [1999] 
264 4 |c ©1999 
300 |a xxi, 370 pages :  |b illustrations ;  |c 24 cm. 
336 |a text  |b txt  |2 rdacontent 
337 |a unmediated  |b n  |2 rdamedia 
338 |a volume  |b nc  |2 rdacarrier 
490 1 |a The McGraw-Hill series on computer communications 
504 |a Includes bibliographical references and index. 
650 0 |a Computer networks  |x Design. 
650 0 |a Asynchronous transfer mode. 
700 1 |a Rayes, Ammar. 
830 0 |a McGraw-Hill series on computer communications. 
999 |a MARS 
999 f f |s a85450fd-4324-3e68-a678-01cda19f5ff0  |i bcf8b95f-edea-3f9a-ba44-29e95a285b42  |t 0 
952 f f |p ric  |a Texas A&M University  |b Rellis Campus  |c Joint Library Facility  |d Remote Storage  |t 0  |e TK5105.5 .G86 1999  |h Library of Congress classification  |i unmediated -- volume  |m A14823801749 
998 f f |a TK5105.5 .G86 1999  |t 0  |l Remote Storage